Responses for Show #6679 - Thursday, October 3, 2013

Contestants

[<< previous game]

Kristan McMahon, an attorney from Annandale, Virginia

Rohit Dewan, a financial analyst originally from Federal Way, Washington

Damian Henri, an architect from Shaker Heights, Ohio (whose 1-day cash winnings total $27,601)

[next game >>]

Jeopardy! Round responses

HAWAIIAN HOLIDAY
INFLUENTIAL WRITING
WORD PUZZLES
COMEDIANS
(Alex: We want you to name the comic who made a particular phrase popular.)
IN CARS
GETTING COFFEE
    $200 13
lava

Damian
    $200 15
Adam Smith

Rohit
    $200 7
growing pains

Kristan
    $200 1
Curly (of the Three Stooges)

Damian
    $200 6
batteries

Kristan
    $200 16
Dunkin' (Donuts)

Kristan
    $400 14
Lanai

Kristan
    $400 27
Marx & Engels

Rohit
    $400 8
long overdue

Rohit
    $400 2
Dana Carvey

Damian
    $400 9
piston

Damian
    $400 23
Denny's

Triple Stumper
    $600 17
(Kristan: What is
the Liliuokalani Palace?)
...
(Alex: She was the last ruler to occupy the [*].)

Iolani Palace

Kristan
Triple Stumper
    $600 28
Special and General

Triple Stumper
    $600 20
life after death

Damian
    $600 3
(Damian: Who is Abbott?)
(Kristan: Who is Costello?)

Oliver Hardy

DamianKristan
Triple Stumper
    $600 10
air bag

Rohit
    $600 24
chicory

Kristan
    $800 18
Kauai

Damian
    $1,000 29
[The end-of-round signal sounds.]

Thoreau

Rohit
    $800 21
trip around the world

Damian
    $800 4
(Damon) Wayans

Rohit
    $800 11
spark plugs

Damian
    $800 25
7-Eleven

Triple Stumper
    $1000 19
(Alex: Oh, that is so iconic. [*].)

"Aloha ʻOe"

Triple Stumper
    $1000 22
turn of the century

Damian
    $1000 5
Larry the Cable Guy

Damian
    $1000 12
(Rohit: What is a brake?)

shock absorber

Rohit
Triple Stumper
    $1000 26
short

Rohit

Scores at the first commercial break (after clue 15):

Damian Rohit Kristan
$2,400 $1,000 $200

Scores at the end of the Jeopardy! Round:

Damian Rohit Kristan
$5,600 $3,400 $400

Double Jeopardy! Round responses

THE NEUTRON DANCE
THAT '70s FILM
A CHEESY CATEGORY
INDEPENDENCE DAYS
BORN & DIED
"LIP" GLOSS
    $400 15
zero

Rohit
    $400 20
The Rocky Horror Picture Show

Rohit
    $400 1
Monterey Jack

Damian
    $400 26
the Czech Republic and Slovakia

Damian
    $400 2
Johnny Cash

Kristan
    $400 3
flip side

Damian
    $800 16
radioactive

Rohit
    $800 21
Taxi Driver

Damian
    $800 8
goat

Damian
    $800 27
(Rohit: What is Venezuela?)

Panama

DamianRohit
    $3,000 13
(Rohit: Who is JF-- [shakes his head] Who is [*]?)
...
(Alex: [*] is right, yes. Good thing you did not give his full name the first time. You stopped after the "F".)

RFK

Rohit
    $800 4
slipcover

Kristan
    $1200 17
quarks

Rohit
    $1200 12
Meryl Streep

Triple Stumper
    $1200 9
...
(Alex: Makes sense. They're called [*].)

eyes

Triple Stumper
    $2,000 28
[The end-of-round signal sounds.]

Mozambique and Angola

Damian
    $1200 14
(David) Livingstone

Damian
    $1200 5
Philippians

Kristan
    $1600 18
deuterium

Rohit
    $1600 22
Five Easy Pieces

Rohit
    $1600 10
Tillamook

Rohit
    $1600 24
...
(Alex: And that famous poet is [*].)

Percy Shelley

Triple Stumper
    $1600 6
calipers

Damian
    $2000 19
...
[applause for Rohit running the category.]

strong

Rohit
    $2000 23
Devil's Tower

Damian
    $2000 11
...
(Alex: Because [*]
is not in an approved shire.)

Stilton

Triple Stumper
    $2000 25
Hammarskjöld

Rohit
    $2000 7
lipids

Damian

Scores at the end of the Double Jeopardy! Round:

Damian Rohit Kristan
$18,000 $17,200 $2,800

[wagering suggestions for these scores]

Final Jeopardy! Round responses

CHILDREN'S BOOK SERIES
KristanWhat is the Narnia series
$2,799
RohitWhat are the chronicles of Narnia
$17,200
DamianWhat are The Chronicles of Narnia?
$17,999
(The Chronicles of) Narnia

Final scores:

Damian Rohit Kristan
$35,999 $34,400 $5,599
2-day champion: $63,600 2nd place: $2,000 3rd place: $1,000

Game dynamics:

Coryat scores:

Damian Rohit Kristan
$17,200 $14,800 $2,800
21 R
(including 1 DD),
1 W
17 R
(including 2 DDs),
2 W
8 R,
2 W

Combined Coryat: $34,800

[game clues] [game scores] [suggest correction]

Game tape date: 2013-08-27
The J! Archive is created by fans, for fans. Scraping, republication, monetization, and malicious use prohibited; this site may use cookies and collect identifying information. See terms. The Jeopardy! game show and all elements thereof, including but not limited to copyright and trademark thereto, are the property of Jeopardy Productions, Inc. and are protected under law. This website is not affiliated with, sponsored by, or operated by Jeopardy Productions, Inc. Join the discussion at JBoard.tv.